000 00588nam a22001937a 4500
005 20171017170622.0
010 _aENG-120878
020 _c50.00
_a97881825568563
035 _aEN-104410
037 _bDBAD/PUB
082 _a230.64
245 _a Philosophy of the masters/
_ctrancleted by Sawan Singh
260 _aPunjab
_bRadha Soami Satsang Beas
_c2009
270 _aDera Baba Jaimal Singh
_bPunjab
_e143204
300 _avol-2-(xi,324p.)
_c22cm(Hb)
500 _aSame ISBN -9788121407786 (EN-100541)
700 _aSawan Singh
942 _2ddc
_cEN
_h230.64
_mPHI
999 _c146725
_d146725